Women and literature / (Record no. 148042)

MARC details
000 -LEADER
fixed length control field 00573nam a22001937a 4500
005 - DATE AND TIME OF LATEST TRANSACTION
control field 20171219121305.0
010 ## - LCCN (DPL NO)
LC control number ENG-121910
020 ## - INTERNATIONAL STANDARD BOOK NUMBER
International Standard Book Number 9788175557710
Terms of availability 1000.00
035 ## - SYSTEM CONTROL NUMBER
System control number EN-105442
037 ## - SOURCE OF ACQUISITION
Source of stock number/acquisition DBAD/PUB
082 ## - DEWEY DECIMAL CLASSIFICATION NUMBER
Classification number 880.82
100 ## - MAIN ENTRY--PERSONAL NAME
Personal name Jain,Seema
245 ## - TITLE STATEMENT
Title Women and literature /
Statement of responsibility, etc by Seema Jain
260 ## - PUBLICATION, DISTRIBUTION, ETC. (IMPRINT)
Place of publication, distribution, etc New Delhi
Name of publisher, distributor, etc University publication
Date of publication, distribution, etc 2017
270 ## - ADDRESS
Address 22/4735,Prakash Deep Building,Ansari road, Darya Ganj
City New Delhi
Postal code 110002
300 ## - PHYSICAL DESCRIPTION
Extent vii,224p.
Dimensions 23cm(Hb)
700 ## - ADDED ENTRY--PERSONAL NAME
Personal name Jain,Seema
942 ## - ADDED ENTRY ELEMENTS (KOHA)
Source of classification or shelving scheme Dewey Decimal Classification
Item type English Books
Classification part 880.82
Call number suffix JAI
Holdings
Withdrawn status Lost status Not for loan Collection code Home library Current library Date acquired Source of acquisition Cost, normal purchase price Full call number Barcode Copy number Cost, replacement price Koha item type
    Not For Loan Non-fiction D.B.Act.Division Bawana 19/12/2017 DBAD/PUB 1000.00 880.82 JAI EN-105442 1 1000.00 English Books

© Delhi Public Library
Hit Counter
free hit counter